Marsilio da Padova
Gardado en:
| Main Authors: | , |
|---|---|
| Formato: | Libro |
| Idioma: | Lingua italiana |
| Publicado: |
Padua
Cedam
2007
|
| Series: | Lex Naturalis, 4
|
| Subjects: | |
| Tags: |
Engadir etiqueta
Sen Etiquetas, Sexa o primeiro en etiquetar este rexistro!
|
MARC
| LEADER | 00000nam a2200000 a 4500 | ||
|---|---|---|---|
| 001 | UCG5964 | ||
| 003 | CL-VaPUC | ||
| 008 | 110331e20070000IT |||||||||||||||||ita|d | ||
| 020 | |a 9788813272357 | ||
| 082 | 0 | 4 | |a 320.09 |b ANC |2 21 |
| 100 | 0 | |a Ancona, Elvio |e author |9 555923 | |
| 700 | 0 | |a Todescan, Franco |e author |9 555924 | |
| 245 | 1 | 0 | |a Marsilio da Padova |
| 300 | |a 213 p | ||
| 942 | |c BK | ||
| 945 | |d 20110331 00:00:00 |a dcastane | ||
| 260 | |a Padua |b Cedam |c 2007 | ||
| 650 | 7 | |a CIENCIA POLITICA HISTORIA |2 CL-VaPUC |9 555925 | |
| 650 | 0 | |a Filosofía medieval |9 256245 | |
| 650 | 0 | |a Iglesia y Estado |9 254995 | |
| 650 | 0 | |a Ciencias Políticas |9 255201 | |
| 650 | 7 | |a ESTADO Y DEMOCRACIA |2 CL-VaPUC |9 465794 | |
| 650 | 0 | |a Historia política |9 256974 | |
| 650 | 7 | |a FILOSOFIA POLITICA |2 CL-VaPUC |9 555926 | |
| 583 | |a last modification |c 20110331 00:00:00 |k Rodrigo Vera | ||
| 490 | 0 | |a Lex Naturalis, 4 | |
| 999 | |c 344288 |d 344286 | ||
| 952 | |0 0 |1 0 |4 0 |6 320_090000000000000_ANC_2007 |7 0 |8 DER_HIS |9 442186 |a BIBDER |b BIBDER |d 2019-11-22 |i 4760999 |l 1 |o 320.09 ANC 2007 |p 4760999 |r 2023-01-25 |s 2020-03-17 |w 2019-11-22 |x Ubicación 4to Piso |y BK |z Estos recursos deben solicitarse con anticipación |k DER | ||